[Event "2013 PHCC Championships"]
[Site "Port Huron, MI"]
[Date "2013.04.11"]
[Round "11"]
[White "Kulkarni, Atharva"]
[Black "Fiedler, Robert"]
[Result "0-1"]
[WhiteElo "900"]
[BlackElo "1688"]
[PlyCount "70"]
[EventDate "2013.04.11"]
[EventType "tourn"]
[EventRounds "15"]

1. Nf3 c5 2. e4 Nc6 3. c4 d6 4. b3 Nf6 5. h4 Bg4 6. Be2 Nxe4 7. Nh2 Bf5 8. d3 Nf6 9. O-O Nd4 10. g4 Bd7 11. g5 Nxe2+ 12. Qxe2 Ng8 13. Bf4 Bc6 14. Nc3 g6 15. f3 Bg7 16. Rac1 e5 17. Bd2 Ne7 18. f4 Nf5 19. Ne4 Bxe4 20. dxe4 Ng3 21. Qd3 Nxf1 22. Rxf1 exf4 23. e5 dxe5 24. Qxd8+ Rxd8 25. Ba5 Rd3 26. Ng4 Rg3+ 27. Kf2 Rxg4 28. b4 cxb4 29. c5 e4 30. Rd1 O-O 31. Bxb4 Rc8 32. a4 Rxh4 33. a5 Rh2+ 34. Kg1 Rb2 35. Ba3 Rb3 0-1

[Event "2013 PHCC Championships"]
[Site "Port Huron, MI"]
[Date "2013.02.07"]
[Round "11"]
[White "Morabito, Matthew"]
[Black "Gregg, Alan"]
[Result "1/2-1/2"]
[WhiteElo "1698"]
[BlackElo "1950"]
[PlyCount "73"]
[EventDate "2013.02.07"]
[EventType "tourn"]
[EventRounds "15"]

1. e4 c5 2. Nf3 d6 3. d4 cxd4 4. Nxd4 Nf6 5. Nc3 a6 6. Bc4 e6 7. O-O Qc7 8. Bb3 Nc6 9. Be3 b5 10. Nxc6 Qxc6 11. Qd3 Be7 12. f4 Bb7 13. f5 Nxe4 14. Qxe4 Qxe4 15. Nxe4 Bxe4 16. fxe6 fxe6 17. Bxe6 Bf6 18. c3 Ke7 19. Bg4 h5 20. Bf3 Bxf3 21. Rxf3 Be5 22. Raf1 Raf8 23. Bg5+ Ke8 24. Bf4 Ke7 25. Bxe5 dxe5 26. Rxf8 Rxf8 27. Rxf8 Kxf8 28. Kf2 Ke7 29. Ke3 Kd6 30. Ke4 a5 31. b3 a4 32. h4 a3 33. g3 g6 34. Kd3 Kd5 35. Ke3 Kc5 36. Kf3 Kd5 37. Ke3 1/2-1/2

[Event "2013 PHCC Championships"]
[Site "Port Huron, MI"]
[Date "2013.03.28"]
[Round "11"]
[White "Rutkofske, Lonnie"]
[Black "Nowiski, Adam"]
[Result "1-0"]
[WhiteElo "1858"]
[BlackElo "900"]
[PlyCount "49"]
[EventDate "2013.03.28"]
[EventType "tourn"]
[EventRounds "15"]

1. c4 c6 2. g3 d5 3. b3 e6 4. Bg2 dxc4 5. Bb2 cxb3 6. Qxb3 Bd7 7. Qxb7 Bd6 8. Bxg7 Qc7 9. Qxc7 Bxc7 10. Bxh8 a5 11. Nf3 Na6 12. Bc3 Rb8 13. O-O Ke7 14. Na3 Nf6 15. Nc4 Ne4 16. Bxa5 Bxa5 17. Nxa5 Nac5 18. d4 Na4 19. Ne5 Kd6 20. Bxe4 Rc8 21. Nxd7 Kxd7 22. Bxc6+ Rxc6 23. Nxc6 Kxc6 24. Rab1 Nc3 25. Rfc1 1-0

[Event "2013 PHCC Championships"]
[Site "Port Huron, MI"]
[Date "2013.04.20"]
[Round "11"]
[White "Wingrove, William"]
[Black "Allen, Nathan"]
[Result "1-0"]
[WhiteElo "1664"]
[BlackElo "900"]
[PlyCount "33"]
[EventDate "2013.04.20"]
[EventType "tourn"]
[EventRounds "15"]

1. e4 d5 2. exd5 Nf6 3. d4 Nxd5 4. c4 Nf6 5. Nc3 Nc6 6. Nf3 Bg4 7. Be2 Bxf3 8. Bxf3 Qxd4 9. Bxc6+ bxc6 10. Qxd4 Rd8 11. Qxa7 Rd7 12. O-O e5 13. Bg5 Be7 14. Rad1 h6 15. Rxd7 Nxd7 16. Qa8+ Bd8 17. Qxd8# 1-0

[Event "2013 PHCC Championships"]
[Site "Port Huron, MI"]
[Date "2013.04.18"]
[Round "12"]
[White "Allen, Nathan"]
[Black "Fiedler, Robert"]
[Result "0-1"]
[WhiteElo "900"]
[BlackElo "1688"]
[PlyCount "72"]
[EventDate "2013.04.18"]
[EventType "tourn"]
[EventRounds "15"]

1. e4 c5 2. Nc3 Nc6 3. Na4 d6 4. d4 Nxd4 5. c3 Nc6 6. Qf3 Nf6 7. e5 Nxe5 8. Bb5+ Nfd7 9. Qd5 Qa5 10. Qb3 a6 11. Bxd7+ Nxd7 12. Bd2 b5 13. c4 Qxa4 14. cxb5 Qxb3 15. axb3 Bb7 16. Ne2 axb5 17. O-O Rxa1 18. Rxa1 e5 19. Ra7 Bc6 20. Rc7 Bd5 21. Bg5 f6 22. Rc8+ Ke7 23. Ng3 fxg5 24. Nf5+ Kf7 25. Nxd6+ Bxd6 26. Rxh8 Nf8 27. f3 g6 28. Kf2 Kg7 29. Rxf8 Kxf8 30. Ke3 Bxb3 31. Kd3 c4+ 32. Ke4 b4 33. Kd5 c3+ 34. Kxd6 cxb2 35. Kxe5 b1=Q 36. Kf6 Qf5# 0-1

[Event "2013 PHCC Championships"]
[Site "Port Huron, MI"]
[Date "2013.04.04"]
[Round "12"]
[White "Boucher, David"]
[Black "Jones, G. Avery"]
[Result "1-0"]
[WhiteElo "1439"]
[BlackElo "1557"]
[PlyCount "101"]
[EventDate "2013.04.04"]
[EventType "tourn"]
[EventRounds "15"]

1. e4 c6 2. d4 d5 3. exd5 cxd5 4. c4 Nc6 5. cxd5 Qxd5 6. Be3 g6 7. Nc3 Qd6 8. Bb5 Bd7 9. Qb3 Nf6 10. Bc4 e6 11. Bb5 Qc7 12. Bg5 Be7 13. Bh6 Qb6 14. O-O-O Nxd4 15. Bxd7+ Nxd7 16. Qxb6 Nxb6 17. Rxd4 Bf6 18. Rg4 Rc8 19. Bd2 Nc4 20. Nge2 Ne5 21. Rg3 O-O 22. Kb1 Bh4 23. Re3 Nc4 24. Rd3 Nxd2+ 25. Rxd2 Bxf2 26. Rd7 Rb8 27. Ne4 Bh4 28. g3 Bd8 29. Nd6 Bf6 30. Rc1 a6 31. Nc3 b5 32. Nce4 Bd8 33. Nb7 Bb6 34. Re7 Kg7 35. Rd1 h6 36. Rdd7 a5 37. Ned6 a4 38. Nxf7 Kf6 39. Nxh6 Rbc8 40. Rf7+ Rxf7 41. Nxf7 Be3 42. a3 Rc1+ 43. Ka2 Rh1 44. Nfd8 Rxh2 45. Rd6 Bc1 46. Rxe6+ Kg7 47. Rd6 Rxb2+ 48. Ka1 Rg2 49. Ne6+ Kh6 50. Rd1 Bxa3 51. Rh1+ 1-0

[Event "2013 PHCC Championships"]
[Site "Port Huron, MI"]
[Date "2013.04.17"]
[Round "12"]
[White "Gregg, Alan"]
[Black "Broyles, Thomas"]
[Result "1-0"]
[WhiteElo "1950"]
[BlackElo "1736"]
[PlyCount "46"]
[EventDate "2013.04.17"]
[EventType "tourn"]
[EventRounds "15"]

1. e4 e5 2. Nf3 Nc6 3. Bb5 a6 4. Ba4 Bc5 5. O-O d6 6. c3 Bg4 7. d3 h6 8. Be3 Qf6 9. Nbd2 Ba7 10. Bxc6+ bxc6 11. Qa4 Qd8 12. Bxa7 Rxa7 13. Qxc6+ Bd7 14. Qd5 Nf6 15. Qb3 O-O 16. Rfe1 Bc6 17. c4 Rb7 18. Qc2 Qd7 19. d4 Rfb8 20. b3 Qe7 21. d5 Bd7 22. Rac1 c5 23. dxc6 Bxc6 1-0

[Event "2013 PHCC Championships"]
[Site "Port Huron, MI"]
[Date "2013.04.25"]
[Round "12"]
[White "Kulkarni, Artharua"]
[Black "Morabito, Matthew"]
[Result "0-1"]
[WhiteElo "1698"]
[BlackElo "900"]
[PlyCount "54"]
[EventDate "2013.04.25"]
[EventType "tourn"]
[EventRounds "15"]

1. e4 c5 2. d3 g6 3. b3 Bg7 4. c3 d6 5. Bb2 Nf6 6. c4 Nc6 7. g3 O-O 8. Nd2 a6 9. Qc2 b5 10. a4 Bb7 11. Bh3 Nb4 12. Qb1 bxc4 13. Nxc4 Nxd3+ 14. Qxd3 Bxe4 15. Qf1 Bxh1 16. f3 d5 17. Ne5 Qa5+ 18. Kd1 Qb4 19. Nd3 Qxb3+ 20. Kd2 c4 21. Nc5 Qxb2+ 22. Kd1 Qxa1+ 23. Ke2 Qb2+ 24. Ke3 d4+ 25. Kf4 Qd2+ 26. Ke5 Qe3+ 27. Ne4 Nxe4+ 0-1

[Event "2013 PHCC Championships"]
[Site "Port Huron, MI"]
[Date "2013.04.04"]
[Round "12"]
[White "Mariani, Gino"]
[Black "Bedy, Noel"]
[Result "0-1"]
[WhiteElo "1400"]
[BlackElo "1618"]
[PlyCount "62"]
[EventDate "2013.04.04"]
[EventType "tourn"]
[EventRounds "15"]

1. e4 d5 2. exd5 Nf6 3. d4 Bg4 4. Be2 Bxe2 5. Nxe2 Qxd5 6. O-O Nc6 7. Nbc3 Qf5 8. Bf4 O-O-O 9. Be3 Qd7 10. f3 e6 11. a3 Be7 12. Ne4 Nd5 13. Qd3 Nxe3 14. Qxe3 Nxd4 15. Rad1 Nxe2+ 16. Qxe2 Qc6 17. c4 Rxd1 18. Rxd1 Rd8 19. Rxd8+ Kxd8 20. b4 f5 21. Nc3 Bf6 22. Qd3+ Qd7 23. Qxd7+ Kxd7 24. Ne2 g5 25. a4 Kd6 26. b5 Kc5 27. f4 g4 28. Ng3 Kxc4 29. h3 Bh4 30. Nh5 g3 31. Nf6 Bxf6 0-1

[Event "2013 PHCC Championships"]
[Site "Port Huron, MI"]
[Date "2013.04.04"]
[Round "12"]
[White "Wilkinson, Stewart"]
[Black "Rutkofske, Lonnie"]
[Result "1-0"]
[WhiteElo "1865"]
[BlackElo "1858"]
[PlyCount "21"]
[EventDate "2013.04.04"]
[EventType "tourn"]
[EventRounds "15"]

1. e4 Nf6 2. e5 Nd5 3. d4 b5 4. Nf3 a6 5. Bd3 Nc6 6. Be4 e6 7. Bxd5 exd5 8. O-O Be7 9. Nc3 Bb7 10. Nxd5 Nxe5 11. dxe5 1-0

[Event "2013 PHCC Championships"]
[Site "Port Huron, MI"]
[Date "2013.04.11"]
[Round "13"]
[White "Bedy, Noel"]
[Black "Boucher, David"]
[Result "0-1"]
[WhiteElo "1681"]
[BlackElo "1439"]
[PlyCount "66"]
[EventDate "2013.04.11"]
[EventType "tourn"]
[EventRounds "15"]

1. e4 e6 2. d4 d5 3. Nc3 Bb4 4. exd5 exd5 5. Qf3 Nc6 6. Bb5 Bd7 7. Nge2 Bxc3+ 8. Qxc3 Nge7 9. Qf3 O-O 10. c3 Bf5 11. O-O Re8 12. Ng3 Bg6 13. Bf4 a6 14. Bxc6 Nxc6 15. Rfe1 Qd7 16. Bd2 Rad8 17. Nh5 Be4 18. Qg3 Bg6 19. Nf4 Ne7 20. Nxg6 Nxg6 21. Kf1 c6 22. h4 Qf5 23. Re3 Rxe3 24. Bxe3 h5 25. Kg1 Re8 26. Rc1 Qe4 27. Bg5 f6 28. f3 Qf5 29. Bd2 Re2 30. Be1 Rxb2 31. Qb8+ Kh7 32. Bg3 Qd3 33. Rf1 Qxc3 0-1

[Event "2013 PHCC Championships"]
[Site "Port Huron, MI"]
[Date "2013.04.11"]
[Round "13"]
[White "Broyles, Thomas"]
[Black "Kulkarni, Atharva"]
[Result "1-0"]
[WhiteElo "1736"]
[BlackElo "900"]
[PlyCount "41"]
[EventDate "2013.04.11"]
[EventType "tourn"]
[EventRounds "15"]

1. e4 e5 2. Nf3 f6 3. Bc4 d5 4. Bxd5 c6 5. Bxg8 Rxg8 6. Nxe5 fxe5 7. Qh5+ g6 8. Qxh7 Nd7 9. Qxg8 Nf6 10. Qxg6+ Kd7 11. d3 Bb4+ 12. c3 Ba5 13. Qf5+ Kc7 14. Qxe5+ Kd7 15. Bg5 Qe7 16. Qxa5 Qg7 17. Qf5+ Kd8 18. Bxf6+ Qxf6 19. Qxf6+ Kc7 20. e5 Kb8 21. Qd6# 1-0

[Event "2013 PHCC Championships"]
[Site "Port Huron, MI"]
[Date "2013.03.07"]
[Round "13"]
[White "Jones, G. Avery"]
[Black "Kulkarni, Atul"]
[Result "1-0"]
[WhiteElo "1557"]
[BlackElo "1548"]
[PlyCount "53"]
[EventDate "2013.03.07"]
[EventType "tourn"]
[EventRounds "15"]

1. d4 e6 2. Nf3 d5 3. g3 h6 4. Bg2 Nc6 5. O-O Bd6 6. Nc3 a6 7. Re1 Nf6 8. e4 dxe4 9. Nxe4 Nxe4 10. Rxe4 O-O 11. b3 Nb4 12. Bb2 b5 13. a3 Bb7 14. Re1 Nd5 15. Ne5 a5 16. c4 f6 17. Ng6 bxc4 18. Nxf8 Bxf8 19. bxc4 Rb8 20. cxd5 Bxd5 21. Bxd5 Qxd5 22. Rb1 Be7 23. Qe2 Kf7 24. Qc2 Qa2 25. h4 Bxa3 26. Qxc7+ Kg6 27. Qxb8 1-0

[Event "2013 PHCC Championships"]
[Site "Port Huron, MI"]
[Date "2013.04.11"]
[Round "13"]
[White "Morabito, Matthew"]
[Black "Allen, Nathan"]
[Result "1-0"]
[WhiteElo "1698"]
[BlackElo "900"]
[PlyCount "93"]
[EventDate "2013.04.11"]
[EventType "tourn"]
[EventRounds "15"]

1. e4 d5 2. exd5 Qxd5 3. Nc3 Qe5+ 4. Qe2 Qxe2+ 5. Bxe2 Nc6 6. Nf3 e5 7. O-O Bg4 8. Re1 Nb4 9. Bb5+ c6 10. Rxe5+ Be7 11. Ba4 Bxf3 12. gxf3 f6 13. Re4 Nh6 14. a3 f5 15. Re5 Na6 16. Nd5 Ng8 17. d4 b5 18. Bxb5 cxb5 19. Bg5 Rc8 20. c3 Nc7 21. Nxe7 Nxe7 22. Rae1 h6 23. Bxe7 Kd7 24. Bc5 Rce8 25. Bxa7 Nd5 26. Rxd5+ Kc7 27. Rxe8 Rxe8 28. Re5 Ra8 29. Bc5 Kd7 30. Re7+ Kc6 31. Rxg7 Re8 32. Re7 Rxe7 33. Bxe7 Kd7 34. Bf8 h5 35. b3 Ke8 36. Bh6 Ke7 37. a4 bxa4 38. bxa4 Kd7 39. c4 Kc6 40. Bf8 Kb6 41. Bb4 Kc6 42. d5+ Kb7 43. c5 Kc7 44. a5 Kb7 45. c6+ Ka6 46. c7 Kb7 47. d6 1-0

[Event "2013 PHCC Championships"]
[Site "Port Huron, MI"]
[Date "2013.04.11"]
[Round "13"]
[White "Rutkofske, Lonnie"]
[Black "Gregg, Alan"]
[Result "0-1"]
[WhiteElo "1858"]
[BlackElo "1950"]
[PlyCount "103"]
[EventDate "2013.04.11"]
[EventType "tourn"]
[EventRounds "15"]

1. e4 d6 2. d3 g6 3. g3 Bg7 4. Bg2 c6 5. Nf3 Bg4 6. h3 Bd7 7. O-O Nf6 8. c3 O-O 9. Re1 e5 10. Nbd2 Qc7 11. Nf1 Na6 12. Bd2 Rad8 13. N3h2 Qc8 14. g4 h5 15. f3 Nc5 16. Be3 b6 17. Ng3 hxg4 18. fxg4 Ne6 19. Qd2 Kh7 20. Re2 Ng8 21. Rf1 f6 22. Ref2 Ne7 23. Nf3 g5 24. Rd1 Nf4 25. Bf1 Kg6 26. Rh2 Rh8 27. Qc2 c5 28. Rc1 Kf7 29. a4 Be6 30. Ne2 Neg6 31. Ng3 Rh7 32. Nf5 Qd7 33. Bf2 Rdh8 34. d4 Nxh3+ 35. Bxh3 Rxh3 36. Qd1 Nf4 37. dxe5 dxe5 38. Qxd7+ Bxd7 39. Rxh3 Nxh3+ 40. Kf1 Bxf5 41. exf5 Rd8 42. Bg3 Bf8 43. Ke1 Rd3 44. Bxe5 Rxf3 45. Bb8 Re3+ 46. Kd2 Re7 47. Rh1 Nf2 48. Rh7+ Ke8 49. Rxe7+ Bxe7 50. Bxa7 Bd8 51. a5 bxa5 52. Bxc5 0-1

[Event "2013 PHCC Championships"]
[Site "Port Huron, MI"]
[Date "2013.04.11"]
[Round "13"]
[White "Wilkinson, Stewart"]
[Black "Nowiski, Adam"]
[Result "1-0"]
[WhiteElo "1865"]
[BlackElo "900"]
[PlyCount "43"]
[EventDate "2013.04.11"]
[EventType "tourn"]
[EventRounds "15"]

1. e4 e5 2. Nc3 Nc6 3. Bc4 Nf6 4. d3 Bc5 5. Nf3 O-O 6. O-O Re8 7. a3 b6 8. Bg5 h6 9. Bh4 Bb7 10. Nd5 Nxd5 11. Bxd8 Raxd8 12. Bxd5 Na5 13. Bxb7 Nxb7 14. b4 Bd4 15. Nxd4 exd4 16. f4 Nd6 17. Qg4 Nb5 18. Rf3 Nc3 19. Rg3 g6 20. f5 Kf8 21. fxg6 fxg6 22. Rf1+ 1-0

[Event "2013 PHCC Championships"]
[Site "Port Huron, MI"]
[Date "2013.04.11"]
[Round "13"]
[White "Wingrove, William"]
[Black "Mariani, Gino"]
[Result "1-0"]
[WhiteElo "1664"]
[BlackElo "1400"]
[PlyCount "31"]
[EventDate "2013.04.11"]
[EventType "tourn"]
[EventRounds "15"]

1. e4 e6 2. d4 d5 3. Nc3 Bb4 4. e5 c5 5. a3 Qa5 6. Bd2 cxd4 7. axb4 Qd8 8. Nb5 a6 9. Nd6+ Kf8 10. b5 Bd7 11. Nxb7 Qc7 12. Bb4+ Ne7 13. Nd6 g6 14. Bd3 Kg7 15. Qf3 Rf8 16. Qf6+ 1-0

[Event "2013 PHCC Championships"]
[Site "Port Huron, MI"]
[Date "2013.04.18"]
[Round "14"]
[White "Allen, Nathan"]
[Black "Broyles, Thomas"]
[Result "1-0"]
[WhiteElo "900"]
[BlackElo "1736"]
[PlyCount "77"]
[EventDate "2013.04.18"]
[EventType "tourn"]
[EventRounds "15"]

1. e4 e5 2. Nf3 Nc6 3. Bb5 a6 4. Bxc6 dxc6 5. Nxe5 Qd4 6. Ng4 Qxe4+ 7. Ne3 Nf6 8. d3 Qe5 9. Nc3 Bc5 10. O-O O-O 11. Nc4 Qe6 12. Re1 Qg4 13. Re5 Bd6 14. Nxd6 cxd6 15. Rg5 Qxd1+ 16. Nxd1 Re8 17. Bd2 Re2 18. Bc3 h6 19. Rg3 Nh5 20. Re3 Rxc2 21. Re8+ Kh7 22. Re7 Be6 23. Rxb7 Re8 24. Ne3 Re2 25. Kf1 Nf4 26. Rb6 h5 27. Rxc6 Bg4 28. h3 Bc8 29. Rxd6 Bb7 30. Rd4 R2xe3 31. fxe3 Nxg2 32. e4 Ne3+ 33. Kf2 Nc2 34. Rd7 Bc8 35. Rxf7 Nxa1 36. Rxg7+ Kh6 37. Rg1 Rf8+ 38. Ke2 Nc2 39. Bg7+ 1-0

[Event "2013 PHCC Championships"]
[Site "Port Huron, MI"]
[Date "2013.04.18"]
[Round "14"]
[White "Bedy, Noel"]
[Black "Kulkarni, Atul"]
[Result "1/2-1/2"]
[WhiteElo "1618"]
[BlackElo "1548"]
[PlyCount "91"]
[EventDate "2013.04.18"]
[EventType "tourn"]
[EventRounds "15"]

1. e4 d5 2. exd5 Nf6 3. Nc3 Nxd5 4. Nxd5 Qxd5 5. d4 Nc6 6. c3 Bf5 7. Nf3 O-O-O 8. Be3 e6 9. Be2 Be7 10. O-O h6 11. Qa4 Bf6 12. Rfd1 g5 13. Ne5 Bxe5 14. dxe5 Qa5 15. Bb5 Qxa4 16. Bxa4 Nxe5 17. Bxa7 b6 18. Rd4 Kb7 19. Bxb6 cxb6 20. Rb4 Nd3 21. Rb5 Nc5 22. Bb3 Rd2 23. Bd1 Rhd8 24. Bf3+ Be4 25. Rxc5 bxc5 26. Bxe4+ Kb6 27. Bf3 Rxb2 28. g4 Rdd2 29. a4 Rxf2 30. a5+ Ka6 31. Be4 Rfd2 32. h3 Rb5 33. Bg2 Ka7 34. a6 Rxg2+ 35. Kxg2 Rb6 36. Rf1 Kxa6 37. Rxf7 e5 38. Re7 Rb3 39. Rxe5 Rxc3 40. Re6+ Kb5 41. Rxh6 Rc2+ 42. Kf3 Rc3+ 43. Ke4 c4 44. Rh5 Kb4 45. Rxg5 Rxh3 46. Rh5 1/2-1/2

[Event "2013 PHCC Championships"]
[Site "Port Huron, MI"]
[Date "2013.04.18"]
[Round "14"]
[White "Boucher, David"]
[Black "Wingrove, William"]
[Result "0-1"]
[WhiteElo "1439"]
[BlackElo "1664"]
[PlyCount "116"]
[EventDate "2013.04.18"]
[EventType "tourn"]
[EventRounds "15"]

1. e4 c5 2. d4 cxd4 3. c3 Nf6 4. e5 Nd5 5. cxd4 Nc6 6. Nf3 e6 7. Nc3 Nxc3 8. bxc3 Qc7 9. Bd3 d6 10. Bb5 Bd7 11. Bxc6 Bxc6 12. Bf4 Rc8 13. Rc1 Bb5 14. Qb3 Bc4 15. Qc2 d5 16. Nd2 Ba6 17. Qa4+ Qc6 18. Qxc6+ Rxc6 19. Nb3 Ba3 20. Rc2 Bd3 21. Rd2 Rxc3 22. f3 O-O 23. Kf2 Rfc8 24. Rhd1 Rc2 25. Ke3 Rxd2 26. Rxd2 Bg6 27. Ke2 Rc2 28. Rxc2 Bxc2 29. Kd2 Bb1 30. Nc5 Bxc5 31. dxc5 Bxa2 32. Kc3 a5 33. Kb2 Bc4 34. Bd2 a4 35. Bc3 Kf8 36. Bb4 Ke8 37. Kc3 Bb5 38. f4 f6 39. g3 fxe5 40. fxe5 Kf7 41. Kd4 Kg6 42. Ke3 Kf5 43. c6 Bxc6 44. Bd6 Kg4 45. Bc5 Kh3 46. Kf4 Kxh2 47. g4 Be8 48. g5 Bg6 49. Kf3 Kh3 50. Kf4 Kg2 51. Kg4 Kf1 52. Kf3 Ke1 53. Ke3 h6 54. gxh6 gxh6 55. Be7 h5 56. Bc5 Kd1 57. Be7 Kc2 58. Kd4 Kb3 0-1

[Event "2013 PHCC Championships"]
[Site "Port Huron, MI"]
[Date "2013.04.18"]
[Round "14"]
[White "Gregg, Alan"]
[Black "Wilkinson, Stewart"]
[Result "1/2-1/2"]
[WhiteElo "1950"]
[BlackElo "1865"]
[PlyCount "47"]
[EventDate "2013.04.18"]
[EventType "tourn"]
[EventRounds "15"]

1. Nf3 d5 2. g3 Nf6 3. Bg2 Bf5 4. d3 e6 5. O-O Bd6 6. c4 O-O 7. Nd4 Bg6 8. Nb5 h6 9. Nxd6 Qxd6 10. Nc3 c6 11. cxd5 exd5 12. Qb3 Qd7 13. a4 a5 14. e4 d4 15. Ne2 Na6 16. Bd2 Nc5 17. Qc4 Ne6 18. Bh3 b5 19. Bxe6 bxc4 20. Bxd7 Nxd7 21. dxc4 c5 22. f3 Rfb8 23. Rab1 Ne5 24. Bf4 1/2-1/2

[Event "2013 PHCC Championships"]
[Site "Port Huron, MI"]
[Date "2013.04.11"]
[Round "14"]
[White "Nowiski, Adam"]
[Black "Jones, G. Avery"]
[Result "0-1"]
[WhiteElo "900"]
[BlackElo "1557"]
[PlyCount "76"]
[EventDate "2013.04.11"]
[EventType "tourn"]
[EventRounds "15"]

1. e4 c6 2. d4 d5 3. e5 g6 4. c3 Bg7 5. Nf3 Nh6 6. h3 O-O 7. Be2 Qb6 8. O-O Nd7 9. Nbd2 c5 10. Qb3 c4 11. Qxb6 Nxb6 12. Nb1 Bd7 13. Na3 Na4 14. Bd2 Rac8 15. b3 cxb3 16. axb3 Nxc3 17. Bxc3 Rxc3 18. b4 Rfc8 19. Nb1 Rc1 20. Rxc1 Rxc1+ 21. Kh2 a6 22. Nfd2 Nf5 23. Nb3 Rc8 24. Bg4 h5 25. Bxf5 Bxf5 26. N1d2 Bf8 27. Nc5 Rc7 28. Nf1 Bh6 29. Ne3 Be6 30. Nxe6 fxe6 31. Nd1 Rc4 32. Ra4 Rxd4 33. Nb2 Bf4+ 34. g3 Bxe5 35. b5 Rxa4 36. Nxa4 axb5 37. Nb6 Kf7 38. Nd7 Bd6 0-1

[Event "2013 PHCC Championships"]
[Site "Port Huron, MI"]
[Date "2013.04.25"]
[Round "15"]
[White "Bedy, Noel"]
[Black "Jones, G. Avery"]
[Result "0-1"]
[WhiteElo "1618"]
[BlackElo "1557"]
[PlyCount "66"]
[EventDate "2013.04.25"]
[EventType "tourn"]
[EventRounds "15"]

1. e4 c6 2. d4 d5 3. exd5 cxd5 4. c4 Nf6 5. Nc3 g6 6. Qb3 e6 7. Nf3 Nc6 8. cxd5 exd5 9. Bg5 Bg7 10. Nxd5 Qxd5 11. Qa3 Qa5+ 12. Qxa5 Nxa5 13. Bb5+ Nd7 14. Bd2 Nc6 15. d5 Nd4 16. Nxd4 Bxd4 17. Bb4 a6 18. O-O-O Bxb2+ 19. Kxb2 axb5 20. Rhe1+ Kd8 21. Be7+ Kc7 22. Rc1+ {Diagram } Kb6 {[23.Bb4 looks pretty strong here!]} 23. Bd6 Ka6 24. Re3 Nb6 25. Ra3+ Na4+ 26. Kb3 Bf5 27. Bc5 Rhc8 28. d6 b6 29. Kb4 Bd7 30. f4 Kb7 31. h3 Nxc5 32. Rxa8 Rxa8 33. Ra1 Ra4+ 0-1

[Event "2013 PHCC Championships"]
[Site "Port Huron, MI"]
[Date "2013.04.29"]
[Round "15"]
[White "Fiedler, Robert"]
[Black "Boucher, David"]
[Result "1-0"]
[WhiteElo "1688"]
[BlackElo "1439"]
[PlyCount "65"]
[EventDate "2013.04.29"]
[EventType "tourn"]
[EventRounds "15"]

1. e4 e6 2. d4 d5 3. e5 c5 4. c3 Nc6 5. Nf3 Qb6 6. b3 cxd4 7. cxd4 Bb4+ 8. Bd2 Nxd4 9. Bxb4 Qxb4+ 10. Nbd2 Qc3 11. Nxd4 Qxd4 12. Nf3 Qc3+ 13. Ke2 Qb2+ 14. Ke3 Ne7 15. Qd2 d4+ 16. Ke4 Qa3 17. Bb5+ Nc6 18. Bxc6+ bxc6 19. Qxd4 Bb7 20. Qc3 c5+ 21. Ke3 Rd8 22. Rhd1 O-O 23. Rxd8 Rxd8 24. Qc1 Qb4 25. Qe1 Qb6 26. Kf4 h6 27. Qc3 g5+ 28. Kg3 Qc7 29. Re1 Qe7 30. Re3 h5 31. h3 Rd1 32. Re1 Rd3 33. Qxd3 1-0

[Event "2013 PHCC Championships"]
[Site "Port Huron, MI"]
[Date "2013.04.11"]
[Round "15"]
[White "Morabito, Matthew"]
[Black "Mariani, Gino"]
[Result "1-0"]
[WhiteElo "1698"]
[BlackElo "1400"]
[PlyCount "41"]
[EventDate "2013.04.11"]
[EventType "tourn"]
[EventRounds "15"]

1. e4 c6 2. d4 d5 3. Nc3 e6 4. Nf3 g6 5. Bg5 f6 6. Bd2 Qb6 7. Bd3 Bb4 8. O-O Ne7 9. Na4 Qa5 10. c3 Bd6 11. c4 Qc7 12. c5 Bxh2+ 13. Nxh2 f5 14. e5 O-O 15. Bh6 Rf7 16. f4 b5 17. Nc3 Ba6 18. Nf3 Kh8 19. Ng5 Rg7 20. Bxg7+ Kxg7 21. Nxe6+ 1-0

[Event "2013 PHCC Championships"]
[Site "Port Huron, MI"]
[Date "2013.04.20"]
[Round "15"]
[White "Rutkofske, Lonnie"]
[Black "Allen, Nathan"]
[Result "1-0"]
[WhiteElo "1858"]
[BlackElo "900"]
[PlyCount "83"]
[EventDate "2013.04.20"]
[EventType "tourn"]
[EventRounds "15"]

1. c4 Nc6 2. Nc3 Nf6 3. g3 d5 4. cxd5 Nxd5 5. Bg2 Nxc3 6. bxc3 Ne5 7. Qb3 e6 8. Rb1 c6 9. d4 Ng6 10. Nf3 Bd6 11. O-O O-O 12. e4 Qa5 13. e5 Be7 14. Nd2 b5 15. Bxc6 Rb8 16. Qc2 Bg5 17. h4 Bxd2 18. Bxd2 Qa6 19. Bg2 Bd7 20. Rfc1 Qa4 21. Qb2 f6 22. h5 Ne7 23. exf6 Rxf6 24. Bg5 Rf7 25. Bxe7 Rxe7 26. Qe2 Qc4 27. Qxc4 bxc4 28. Rxb8+ Be8 29. Re1 Kf7 30. Rb7 Bd7 31. d5 exd5 32. Bxd5+ Kf6 33. Rxe7 Kxe7 34. Bc6 Kd6 35. Bxd7 a5 36. Be8 Kd5 37. f3 g6 38. h6 Ke6 39. Bxg6 hxg6 40. h7 Kf5 41. h8=Q g5 42. Qh6 1-0

[Event "2013 PHCC Championships"]
[Site "Port Huron, MI"]
[Date "2013.04.25"]
[Round "15"]
[White "Wilkinson, Stewart"]
[Black "Kulkarni, Atharva"]
[Result "1-0"]
[WhiteElo "1865"]
[BlackElo "900"]
[PlyCount "65"]
[EventDate "2013.04.25"]
[EventType "tourn"]
[EventRounds "15"]

1. e4 e5 2. Nc3 d6 3. Bc4 Nd7 4. Nf3 Nb6 5. Bb3 Nf6 6. h3 c6 7. d4 Nbd7 8. dxe5 dxe5 9. Ng5 Qe7 10. Bxf7+ Kd8 11. Ne6+ Qxe6 12. Bxe6 Bb4 13. Bg5 h6 14. Bxf6+ gxf6 15. Qf3 Rg8 16. O-O-O Rg7 17. Qxf6+ Re7 18. Bxd7 Bxd7 19. Qf8+ Kc7 20. Qxa8 Bc5 21. Rxd7+ Kxd7 22. Qxb7+ Kd6 23. Rd1+ Bd4 24. Qb4+ Ke6 25. Qc4+ Kd6 26. Rxd4+ exd4 27. Qxd4+ Ke6 28. f4 Rd7 29. f5+ Ke7 30. f6+ Ke6 31. Qc4+ Kd6 32. f7 Re7 33. Qd4+ 1-0

[Event "2013 PHCC Championships"]
[Site "Port Huron, MI"]
[Date "2013.04.11"]
[Round "15"]
[White "Wingrove, William"]
[Black "Kulkarni, Atul"]
[Result "1-0"]
[WhiteElo "1664"]
[BlackElo "1548"]
[PlyCount "119"]
[EventDate "2013.04.11"]
[EventType "tourn"]
[EventRounds "15"]

1. e4 Nc6 2. Nf3 d6 3. d4 Bg4 4. Be2 Nf6 5. Nc3 e6 6. O-O Be7 7. Be3 O-O 8. Qd2 a6 9. h3 Bh5 10. a3 d5 11. e5 Ne4 12. Nxe4 dxe4 13. Nh2 Bxe2 14. Qxe2 Nxd4 15. Qc4 Nc6 16. Qxe4 Re8 17. Rad1 Qb8 18. Rd3 Na5 19. Rfd1 c5 20. f4 b5 21. c3 Nc4 22. Bc1 Qb6 23. Kh1 Rad8 24. Nf3 Rxd3 25. Rxd3 Rd8 26. Rxd8+ Qxd8 27. b3 Qd1+ 28. Qe1 Qxb3 29. Kh2 Nxa3 30. Qe4 Qxc3 31. Bd2 Qc2 32. Qa8+ Bf8 33. Be1 c4 34. Qxa6 b4 35. Qa8 b3 36. Bb4 h6 37. Qxf8+ Kh7 38. Bxa3 c3 39. Nd4 Qa2 40. Nxb3 Qxb3 41. Qb4 Qxb4 42. Bxb4 c2 43. Ba3 Kg6 44. Kg3 Kf5 45. Kf3 g5 46. g4+ Kg6 47. Ke4 f6 48. Bc1 fxe5 49. Kxe5 gxf4 50. Kxf4 Kf6 51. Ke4 Kg6 52. Ke5 Kg7 53. Kxe6 Kg6 54. Ke5 Kh7 55. Kf6 Kg8 56. Kg6 Kf8 57. Kxh6 Kf7 58. h4 Kf6 59. g5+ Kf7 60. h5 1-0